000
00410nam a22001697a 4500
003
MPLRDC
005
20220104123952.0
008
210129b ||||| |||| 00| 0 eng d
082
_a
802.033 CYM
100
_a
陈英鸣编著
245
_a
语文教学手册
_c
250
_a
初版
260
_a
_b
艺美图书公司
_c
1961
300
_b
平
650
_a
中国语言--华语
942
_c
BK
_o
802.033 CYM
999
_c
15612
_d
15602